000 00804nam a2200289 a 4500
003 AR-BaBNM
005 20251128210446.0
008 082120s2002 ||||||||||||||000 | spa||
020 _a958-04-1344-8
040 _cAR-BaBNM
100 1 _aWells, Herbert George
245 0 0 _aLa máquina del tiempo ;
_bA propósito de H.G. Wells y su obra
250 _a1ª ed.
260 _aSantafé de Bogotá
_bNorma
_c1998
300 _ap. irreg.
490 0 _aCara y cruz
500 _aContiene referencias bibliográficas
650 4 _aLITERATURA INGLESA
650 4 _aCIENCIA FICCION
650 4 _aLITERATURA CONTEMPORANEA
650 4 _aNOVELAS
653 _aLITERATURA FANTASTICA
655 _aLITERATURA
700 1 _aHernández Arbeláez, Iván
_etraductor
942 _cBK
998 _cMARTIN
999 _c15541
_d15541